[Event "L C.to Italiano"]
[Site "Chianciano Terme ITA"]
[Date "1990.05.14"]
[Round "8"]
[White "Borgo, Giulio"]
[Black "Mantovani, Renzo"]
[WhiteElo "2330"]
[BlackElo "2365"]
[Result "0-1"]
[PlyCount "80"]
[EventDate "1990.05.07"]

1. e4 c5 2. Nf3 Nc6 3. d4 cxd4 4. Nxd4 Nf6 5. Nc3 d6 6. Bg5 e6 7. Qd2 Be7 8.
Nb3 h6 9. Be3 O-O 10. f3 a5 11. Bb5 Bd7 12. a4 Ne5 13. f4 Neg4 14. Bxd7 Qxd7
15. Bg1 Rfc8 16. O-O-O Rxc3 17. Qxc3 Nxe4 18. Qd4 f5 19. h3 Ngf6 20. g4 b5 21.
axb5 a4 22. Nd2 a3 23. bxa3 d5 24. a4 Ba3+ 25. Kb1 Rxa4 26. Qd3 Nxd2+ 27. Rxd2
Ne4 28. Rd1 Nc3+ 29. Qxc3 Qxb5+ 30. Qb3 Rb4 31. Rd3 Rxb3+ 32. Rxb3 Qf1+ 33. Ka2
Qg2 34. Rxa3 Qxc2+ 35. Ka1 Qd1+ 36. Kb2 Qe2+ 37. Kb3 Qf3+ 38. Kb4 Qxh1 39. Bd4
Qe4 40. Kc5 Qxf4 0-1

[Event "L C.to Italiano"]
[Site "Chianciano Terme ITA"]
[Date "1990.05.14"]
[Round "8"]
[White "Godena, Michele"]
[Black "Vezzosi, Paolo"]
[WhiteElo "2380"]
[BlackElo "2290"]
[Result "1/2-1/2"]
[PlyCount "50"]
[EventDate "1990.05.07"]

1. e4 e5 2. Nf3 Nf6 3. Nxe5 d6 4. Nc4 Nxe4 5. d4 d5 6. Ne3 Nc6 7. c3 Be7 8. Nd2
O-O 9. Bd3 Nxd2 10. Bxd2 Be6 11. Qc2 h6 12. f4 Qd6 13. O-O-O Rab8 14. f5 Bd7
15. h4 b5 16. Qb3 b4 17. Qxd5 bxc3 18. Bxc3 Nb4 19. Bxb4 Qxb4 20. Rd2 Bb5 21.
Bb1 Rfd8 22. Qe4 Bf6 23. Nd5 Qc4+ 24. Nc3 Rxd4 25. Rxd4 Qxd4 1/2-1/2

[Event "L C.to Italiano"]
[Site "Chianciano Terme ITA"]
[Date "1990.05.14"]
[Round "8"]
[White "Manca, Federico"]
[Black "Tortarolo, Massimiliano"]
[WhiteElo "2360"]
[BlackElo "2275"]
[Result "1-0"]
[PlyCount "81"]
[EventDate "1990.05.07"]

1. e4 Nf6 2. e5 Nd5 3. d4 d6 4. Nf3 g6 5. Bc4 c6 6. O-O dxe5 7. dxe5 Bg4 8. Qd4
Bxf3 9. e6 f6 10. gxf3 Qb6 11. Qd3 Bg7 12. Bxd5 cxd5 13. Nc3 d4 14. Nd5 Qc5 15.
c4 Na6 16. b3 Nb4 17. Nxb4 Qxb4 18. Qxd4 O-O 19. Bb2 Rfd8 20. Qe3 Qd2 21. Ba3
f5 22. Rad1 Qxd1 23. Rxd1 Rxd1+ 24. Kg2 Bf6 25. Qc5 b6 26. Qc7 Kf8 27. c5 bxc5
28. Bxc5 a6 29. f4 Rdd8 30. b4 Rdc8 31. Qb7 Rcb8 32. Qf3 Rc8 33. a4 Rab8 34. a5
Rb5 35. Kf1 Kg7 36. Qd3 Rc7 37. Qd8 Rcb7 38. Qa8 Bc3 39. Qxa6 Bxb4 40. Bb6 Bxa5
41. Qxb7 1-0

[Event "L C.to Italiano"]
[Site "Chianciano Terme ITA"]
[Date "1990.05.14"]
[Round "8"]
[White "Marinelli, Tullio"]
[Black "Lanzani, Mario"]
[WhiteElo "2400"]
[BlackElo "2350"]
[Result "1/2-1/2"]
[PlyCount "44"]
[EventDate "1990.05.07"]

1. d4 d5 2. Nf3 e6 3. c4 c6 4. Nc3 dxc4 5. a4 Bb4 6. e4 b5 7. Bd2 a5 8. axb5
Bxc3 9. bxc3 cxb5 10. Qb1 Qd7 11. h4 Qb7 12. e5 h6 13. h5 Ne7 14. Be2 Nd5 15.
Qc2 Qc6 16. Rh3 b4 17. Rg3 bxc3 18. Bc1 Nb4 19. Qxc3 Qe4 20. Nd2 Qxd4 21. Nxc4
O-O 22. Rxa5 Rxa5 1/2-1/2

[Event "L C.to Italiano"]
[Site "Chianciano Terme ITA"]
[Date "1990.05.14"]
[Round "8"]
[White "Tatai, Stefano"]
[Black "Bellia, Fabrizio"]
[WhiteElo "2405"]
[BlackElo "2320"]
[Result "1/2-1/2"]
[PlyCount "83"]
[EventDate "1990.05.07"]

1. e4 e5 2. Nf3 Nc6 3. Bb5 a6 4. Ba4 Nf6 5. O-O Be7 6. Re1 b5 7. Bb3 d6 8. c3
O-O 9. h3 Nd7 10. d4 Bf6 11. a4 Bb7 12. axb5 axb5 13. Rxa8 Qxa8 14. d5 Ne7 15.
Na3 Ba6 16. c4 bxc4 17. Bxc4 c6 18. dxc6 Qxc6 19. b3 Rb8 20. Bxa6 Qxa6 21. Nc4
Nc8 22. Ba3 Be7 23. Re3 Nf6 24. Rd3 Ne8 25. Nfd2 Nb6 26. Qf3 Nc8 27. Nf1 Nf6
28. Nfe3 Qb7 29. Nf5 Qxe4 30. Nxe7+ Nxe7 31. Bxd6 Rd8 32. Nxe5 Rxd6 33. Rxd6
Qe1+ 34. Kh2 Qxe5+ 35. Qg3 Qxg3+ 36. fxg3 Kf8 37. g4 Ned5 38. Ra6 Ke7 39. Ra7+
Ke6 40. Kg1 Nb4 41. Rb7 Nfd5 42. Kf2 1/2-1/2

[Event "L C.to Italiano"]
[Site "Chianciano Terme ITA"]
[Date "1990.05.15"]
[Round "9"]
[White "Bellia, Fabrizio"]
[Black "Martorelli, Antonio"]
[WhiteElo "2320"]
[BlackElo "2220"]
[Result "0-1"]
[PlyCount "68"]
[EventDate "1990.05.07"]

1. Nf3 Nf6 2. g3 g6 3. Bg2 Bg7 4. O-O O-O 5. d4 d6 6. b3 a5 7. a4 Nc6 8. Bb2
Bf5 9. Nbd2 e5 10. dxe5 dxe5 11. Nxe5 Nxe5 12. Bxe5 Re8 13. Bc3 Ra6 14. Re1 Rd6
15. Qc1 Ng4 16. Bxg7 Rxd2 17. e4 Kxg7 18. exf5 Qd4 19. Qxd2 Qxd2 20. Rxe8 Qxf2+
21. Kh1 Qd4 22. Rf1 Nf2+ 23. Rxf2 Qxf2 24. fxg6 hxg6 25. h3 Qxc2 26. Re7 Kf6
27. Rd7 Ke6 28. Rd4 Qxb3 29. Kh2 f5 30. h4 c5 31. Rf4 c4 32. Bf1 Qb2+ 33. Kg1
c3 34. h5 c2 0-1

[Event "L C.to Italiano"]
[Site "Chianciano Terme ITA"]
[Date "1990.05.15"]
[Round "9"]
[White "Lanzani, Mario"]
[Black "Manca, Federico"]
[WhiteElo "2350"]
[BlackElo "2360"]
[Result "1/2-1/2"]
[PlyCount "65"]
[EventDate "1990.05.07"]

1. e4 d6 2. d4 Nf6 3. Nc3 g6 4. h3 c6 5. Nf3 Bg7 6. Be3 O-O 7. a4 Nbd7 8. a5 e5
9. dxe5 dxe5 10. Qd6 Re8 11. Bc4 Bf8 12. Qd3 Qc7 13. Ng5 Re7 14. O-O h6 15. Nf3
Re8 16. Na4 Nh5 17. Qb3 Ndf6 18. Nb6 Rb8 19. Nxc8 Rbxc8 20. Bxa7 Nxe4 21. Bb6
Nc5 22. Qe3 Qe7 23. Rad1 Na4 24. Qe4 Nxb2 25. Qxg6+ Bg7 26. Qxh5 Nxc4 27. Nh4
Qg5 28. Qxg5 hxg5 29. Nf5 Nxb6 30. axb6 Rcd8 31. Nd6 Re7 32. Ne4 Rd5 33. c4
1/2-1/2

[Event "L C.to Italiano"]
[Site "Chianciano Terme ITA"]
[Date "1990.05.15"]
[Round "9"]
[White "Tortarolo, Massimiliano"]
[Black "Tatai, Stefano"]
[WhiteElo "2275"]
[BlackElo "2405"]
[Result "0-1"]
[PlyCount "78"]
[EventDate "1990.05.07"]

1. e4 e5 2. Nf3 Nc6 3. Bb5 a6 4. Ba4 Nf6 5. O-O Be7 6. Re1 b5 7. Bb3 O-O 8. c3
d6 9. h3 Nb8 10. d4 Nbd7 11. Nbd2 Bb7 12. Bc2 Re8 13. b3 Bf8 14. d5 c6 15. c4
Qc7 16. Bb2 Rab8 17. Rc1 g6 18. cxb5 axb5 19. dxc6 Bxc6 20. b4 Qb7 21. a3 Bh6
22. Rb1 Nb6 23. Bd3 Na4 24. Ba1 Bd7 25. Nb3 Rbc8 26. Na5 Qb6 27. Nd2 Nc3 28.
Bxc3 Rxc3 29. Rb3 Rec8 30. Rxc3 Rxc3 31. Nb1 Rc8 32. Qe2 Nh5 33. Qb2 Kg7 34.
Bf1 Ng3 35. Bd3 f5 36. Kh2 fxe4 37. Bxe4 Nxe4 38. Rxe4 Bf5 39. Re2 Bd3 0-1

[Event "L C.to Italiano"]
[Site "Chianciano Terme ITA"]
[Date "1990.05.15"]
[Round "9"]
[White "Vezzosi, Paolo"]
[Black "Marinelli, Tullio"]
[WhiteElo "2290"]
[BlackElo "2400"]
[Result "1/2-1/2"]
[PlyCount "58"]
[EventDate "1990.05.07"]

1. c4 e5 2. g3 Nf6 3. Bg2 d5 4. cxd5 Nxd5 5. Nc3 Nb6 6. d3 Be7 7. Be3 O-O 8.
Rc1 Re8 9. Nf3 Nc6 10. O-O Be6 11. a3 a5 12. Na4 Nd5 13. Bc5 Bf6 14. Nd2 Qd7
15. Ne4 Bd8 16. Nec3 Bg5 17. Bxd5 Bxd5 18. Be3 Be7 19. Nxd5 Qxd5 20. Nc5 Nd8
21. Qa4 c6 22. Qg4 Bxc5 23. Rxc5 Qd6 24. Qe4 f6 25. Rc4 Ne6 26. Qg4 Rf8 27. Qh5
Rf7 28. Rfc1 Qd5 29. Qf5 Re8 1/2-1/2

[Event "L C.to Italiano"]
[Site "Chianciano Terme ITA"]
[Date "1990.05.16"]
[Round "10"]
[White "Borgo, Giulio"]
[Black "Bellia, Fabrizio"]
[WhiteElo "2330"]
[BlackElo "2320"]
[Result "1-0"]
[PlyCount "67"]
[EventDate "1990.05.07"]

1. e4 e5 2. Nf3 Nc6 3. Bb5 a6 4. Ba4 Nf6 5. O-O Be7 6. Bxc6 dxc6 7. d3 Nd7 8.
b3 O-O 9. Bb2 f6 10. Nbd2 Nc5 11. d4 exd4 12. Nxd4 Ne6 13. N2f3 g6 14. Qe2 c5
15. Nxe6 Bxe6 16. Nh4 c4 17. f4 cxb3 18. axb3 Bf7 19. e5 f5 20. e6 Bxh4 21.
Rad1 Qe7 22. Rd7 Be8 23. Rxe7 Bxe7 24. Rd1 Bb5 25. c4 Bc6 26. Be5 Rac8 27. h3
a5 28. Kh2 a4 29. bxa4 Bxa4 30. Rd7 Bxd7 31. exd7 Ra8 32. Bxc7 Rf7 33. Qf3 Ra3
34. Qd5 1-0

[Event "L C.to Italiano"]
[Site "Chianciano Terme ITA"]
[Date "1990.05.16"]
[Round "10"]
[White "Manca, Federico"]
[Black "Vezzosi, Paolo"]
[WhiteElo "2360"]
[BlackElo "2290"]
[Result "1/2-1/2"]
[PlyCount "98"]
[EventDate "1990.05.07"]

1. e4 e6 2. d4 d5 3. Nc3 Nf6 4. Bg5 Bb4 5. e5 h6 6. Bd2 Bxc3 7. bxc3 Ne4 8. Qg4
g6 9. Bc1 c5 10. Bd3 Nxc3 11. dxc5 Qa5 12. Bd2 Qa4 13. Qxa4+ Nxa4 14. Be3 a6
15. Nf3 Nd7 16. Rb1 Ndxc5 17. Bxc5 Nxc5 18. Rb6 Kd8 19. Kd2 Kc7 20. Rb4 Bd7 21.
h4 Bc6 22. Rf4 Raf8 23. Nd4 Nd7 24. Re1 Rhg8 25. Rg4 Nc5 26. Re3 Kd7 27. Nb3
Nxb3+ 28. axb3 Ke7 29. Rf3 f5 30. exf6+ Rxf6 31. Rxf6 Kxf6 32. f4 Be8 33. Ke3
e5 34. fxe5+ Kxe5 35. Rf4 Rg7 36. g3 Bf7 37. c3 Be6 38. Rf8 g5 39. Rh8 gxh4 40.
gxh4 Rg3+ 41. Kd2 Rg2+ 42. Ke3 Rg3+ 43. Kd2 d4 44. cxd4+ Kxd4 45. Rd8+ Kc5 46.
Rh8 Bxb3 47. Rxh6 a5 48. Rg6 Rxg6 49. Bxg6 a4 1/2-1/2

[Event "L C.to Italiano"]
[Site "Chianciano Terme ITA"]
[Date "1990.05.16"]
[Round "10"]
[White "Martorelli, Antonio"]
[Black "Tortarolo, Massimiliano"]
[WhiteElo "2220"]
[BlackElo "2275"]
[Result "0-1"]
[PlyCount "48"]
[EventDate "1990.05.07"]

1. e4 c6 2. Nf3 d5 3. Nc3 Bg4 4. h3 Bxf3 5. Qxf3 e6 6. d4 dxe4 7. Nxe4 Qxd4 8.
Bg5 Nd7 9. Rd1 Qe5 10. Rxd7 Kxd7 11. Qxf7+ Be7 12. Bd3 Rf8 13. Qh5 h6 14. O-O
Bxg5 15. f4 Rxf4 16. Rxf4 Qxf4 17. Qg6 Qe3+ 18. Kh1 Ne7 19. Qf7 b6 20. b4 Qe1+
21. Kh2 Be3 22. Bf1 Qh4 23. Qxg7 Qxe4 24. Qxh8 c5 0-1

[Event "L C.to Italiano"]
[Site "Chianciano Terme ITA"]
[Date "1990.05.17"]
[Round "11"]
[White "Bellia, Fabrizio"]
[Black "Mantovani, Renzo"]
[WhiteElo "2320"]
[BlackElo "2365"]
[Result "0-1"]
[PlyCount "64"]
[EventDate "1990.05.07"]

1. e4 c5 2. Nf3 d6 3. d4 cxd4 4. Nxd4 Nf6 5. Nc3 a6 6. f4 e5 7. Nf3 Nbd7 8. Bc4
Be7 9. O-O b5 10. Bd5 Bb7 11. Bxb7 Qb6+ 12. Kh1 Qxb7 13. Nd5 Nxd5 14. exd5 O-O
15. fxe5 dxe5 16. d6 Bf6 17. Be3 Qc6 18. c3 Rfe8 19. Nd2 Qxd6 20. Ne4 Qxd1 21.
Raxd1 Red8 22. Nd6 Nf8 23. b3 Ne6 24. c4 bxc4 25. bxc4 Be7 26. c5 Bxd6 27. cxd6
Rd7 28. Rd2 Rad8 29. Rfd1 f6 30. a4 Kf7 31. g4 Rc8 32. h3 Rc3 0-1

[Event "L C.to Italiano"]
[Site "Chianciano Terme ITA"]
[Date "1990.05.17"]
[Round "11"]
[White "Godena, Michele"]
[Black "Marinelli, Tullio"]
[WhiteElo "2380"]
[BlackElo "2400"]
[Result "1-0"]
[PlyCount "109"]
[EventDate "1990.05.07"]

1. e4 c5 2. Nf3 d6 3. d4 cxd4 4. Nxd4 Nf6 5. Nc3 a6 6. Be3 e5 7. Nf3 Qc7 8. a4
b6 9. Bg5 Nbd7 10. Nd2 h6 11. Bh4 Bb7 12. Bc4 Be7 13. Qe2 O-O 14. O-O Rfe8 15.
Rfd1 Rec8 16. h3 Qc5 17. Bb3 Bc6 18. Qc4 Rf8 19. Qxc5 Nxc5 20. Bxf6 Bxf6 21.
Bd5 Bxd5 22. Nxd5 Bd8 23. b4 Nd7 24. Nc4 Rc8 25. Nde3 Nf6 26. Nxd6 Rc3 27. Rd3
Rxd3 28. cxd3 Be7 29. Ndc4 Bxb4 30. Nxb6 Bc5 31. Nbc4 Rc8 32. Kf1 Nd7 33. Rb1
Bd4 34. Nf5 Bc5 35. Rb7 Rd8 36. Ke2 Bf8 37. Ra7 f6 38. Nce3 Nc5 39. Nd5 Rb8 40.
Nxh6+ Kh8 41. Ng4 Rb2+ 42. Ke3 Rb3 43. Ke2 Rb2+ 44. Kf3 Rb3 45. Rf7 Ne6 46. Kg3
Rxd3+ 47. f3 Rd4 48. Ngxf6 gxf6 49. Rxf6 Rxa4 50. Rxe6 Ra1 51. Nc7 a5 52. Re8
Kg7 53. Ne6+ Kf7 54. Rxf8+ Kxe6 55. h4 1-0

[Event "L C.to Italiano"]
[Site "Chianciano Terme ITA"]
[Date "1990.05.17"]
[Round "11"]
[White "Lanzani, Mario"]
[Black "Martorelli, Antonio"]
[WhiteElo "2350"]
[BlackElo "2220"]
[Result "1/2-1/2"]
[PlyCount "27"]
[EventDate "1990.05.07"]

1. d4 Nf6 2. Nf3 g6 3. Nc3 d5 4. Bf4 Bg7 5. e3 O-O 6. Be2 Nbd7 7. Ne5 c6 8. h4
Nxe5 9. Bxe5 Qb6 10. Rb1 Ne4 11. Bxg7 Kxg7 12. Nxe4 dxe4 13. O-O e5 14. c3
1/2-1/2

[Event "L C.to Italiano"]
[Site "Chianciano Terme ITA"]
[Date "1990.05.17"]
[Round "11"]
[White "Vezzosi, Paolo"]
[Black "Tatai, Stefano"]
[WhiteElo "2290"]
[BlackElo "2405"]
[Result "1/2-1/2"]
[PlyCount "33"]
[EventDate "1990.05.07"]

1. c4 Nf6 2. Nc3 e6 3. d4 Bb4 4. Qc2 c5 5. dxc5 O-O 6. Nf3 Nc6 7. a3 Bxc5 8.
Bg5 Nd4 9. Nxd4 Bxd4 10. e3 Qa5 11. exd4 Qxg5 12. Qd2 Qxd2+ 13. Kxd2 b6 14. b4
Bb7 15. f3 Rfc8 16. Bd3 Ba6 17. c5 1/2-1/2

[Event "L C.to Italiano"]
[Site "Chianciano Terme ITA"]
[Date "1990.05.18"]
[Round "12"]
[White "Manca, Federico"]
[Black "Godena, Michele"]
[WhiteElo "2360"]
[BlackElo "2380"]
[Result "1/2-1/2"]
[PlyCount "36"]
[EventDate "1990.05.07"]

1. d4 Nf6 2. c4 e6 3. Nf3 d5 4. g3 c5 5. Bg2 Nc6 6. O-O dxc4 7. Qa4 Bd7 8. dxc5
Na5 9. Qc2 Bxc5 10. Nc3 O-O 11. e4 h6 12. e5 Nd5 13. Ne4 Be7 14. Bd2 b5 15. Qc1
Kh7 16. Qc2 Kg8 17. Qc1 Kh7 18. Qc2 Kg8 1/2-1/2

[Event "L C.to Italiano"]
[Site "Chianciano Terme ITA"]
[Date "1990.05.18"]
[Round "12"]
[White "Mantovani, Renzo"]
[Black "Tortarolo, Massimiliano"]
[WhiteElo "2365"]
[BlackElo "2275"]
[Result "1-0"]
[PlyCount "75"]
[EventDate "1990.05.07"]

1. Nf3 Nf6 2. c4 g6 3. Nc3 d5 4. cxd5 Nxd5 5. Qa4+ Bd7 6. Qh4 Nf6 7. d4 Bg4 8.
Bg5 Bxf3 9. gxf3 Bg7 10. Rd1 h6 11. Bc1 Nd5 12. e4 Nxc3 13. bxc3 c5 14. Bb5+
Nc6 15. O-O Qb6 16. Bxc6+ Qxc6 17. Be3 cxd4 18. cxd4 Rd8 19. Rc1 Qd6 20. Rc4
O-O 21. Rfc1 e6 22. Bxh6 Qa3 23. Be3 Qxa2 24. Qg5 Qb2 25. e5 a5 26. h4 b5 27.
R4c2 Qb3 28. h5 Qd3 29. hxg6 Qxg6 30. Qxg6 fxg6 31. Rc5 Rd5 32. Rc6 Ra8 33.
Rxe6 Kf7 34. Rb6 a4 35. Rc7+ Kf8 36. Rxg6 b4 37. Rgxg7 Rb5 38. Bh6 1-0

[Event "L C.to Italiano"]
[Site "Chianciano Terme ITA"]
[Date "1990.05.18"]
[Round "12"]
[White "Martorelli, Antonio"]
[Black "Vezzosi, Paolo"]
[WhiteElo "2220"]
[BlackElo "2290"]
[Result "0-1"]
[PlyCount "68"]
[EventDate "1990.05.07"]

1. e4 e6 2. d4 d5 3. Nc3 Nf6 4. e5 Nfd7 5. Nf3 c5 6. Bb5 Be7 7. dxc5 O-O 8. h4
f6 9. exf6 Bxf6 10. Bd3 h6 11. Bg6 Ne5 12. Nxe5 Bxe5 13. Qh5 Nc6 14. Bg5 Qa5
15. O-O-O Qxc5 16. Bd3 Bxc3 17. Bxh6 gxh6 18. bxc3 Qe7 19. Rh3 Rf6 20. Rg3+ Kf8
21. Bg6 Qg7 22. Rdd3 Bd7 23. Rdf3 Ke7 24. Bd3 Qf8 25. Rxf6 Qxf6 26. Rf3 Qg7 27.
Rg3 Qh8 28. Bb5 Rf8 29. Qg4 Rxf2 30. Bxc6 Bxc6 31. Re3 Rf6 32. Qd4 Rf1+ 33. Kb2
Qxd4 34. cxd4 Rf4 0-1

[Event "L C.to Italiano"]
[Site "Chianciano Terme ITA"]
[Date "1990.05.19"]
[Round "13"]
[White "Godena, Michele"]
[Black "Tatai, Stefano"]
[WhiteElo "2380"]
[BlackElo "2405"]
[Result "1/2-1/2"]
[PlyCount "74"]
[EventDate "1990.05.07"]

1. e4 e5 2. Nf3 Nc6 3. Bb5 a6 4. Ba4 Nf6 5. O-O Be7 6. Bxc6 dxc6 7. d3 Nd7 8.
b3 f6 9. Nh4 Nc5 10. Qh5+ Kd7 11. Qg4+ Ne6 12. Bb2 c5 13. Nd2 Kc6 14. Nc4 b6
15. Nf5 Kb7 16. Nfe3 c6 17. Bc3 a5 18. a3 b5 19. Nb2 h5 20. Qd1 h4 21. a4 b4
22. Bd2 Qe8 23. Nf5 Bf8 24. Nc4 Qd7 25. Qe1 g6 26. Nfe3 Qh7 27. f3 Be7 28. Qf2
Qh5 29. h3 Qh7 30. Ng4 Nd4 31. Be3 Qh5 32. Kh2 Be6 33. f4 Bxg4 34. hxg4 Qxg4
35. fxe5 Ne2 36. exf6 Bxf6 37. Rfe1 Qg3+ 1/2-1/2

[Event "L C.to Italiano"]
[Site "Chianciano Terme ITA"]
[Date "1990.05.19"]
[Round "13"]
[White "Lanzani, Mario"]
[Black "Mantovani, Renzo"]
[WhiteElo "2350"]
[BlackElo "2365"]
[Result "1/2-1/2"]
[PlyCount "24"]
[EventDate "1990.05.07"]

1. d4 d5 2. c4 e6 3. Nf3 Nf6 4. g3 Bb4+ 5. Bd2 Bxd2+ 6. Nbxd2 O-O 7. Bg2 Nbd7
8. Qc2 c6 9. O-O b6 10. e4 dxe4 11. Nxe4 Nxe4 12. Qxe4 Bb7 1/2-1/2

[Event "L C.to Italiano"]
[Site "Chianciano Terme ITA"]
[Date "1990.05.19"]
[Round "13"]
[White "Marinelli, Tullio"]
[Black "Manca, Federico"]
[WhiteElo "2400"]
[BlackElo "2360"]
[Result "0-1"]
[PlyCount "76"]
[EventDate "1990.05.07"]

1. d4 Nf6 2. c4 c5 3. d5 b5 4. cxb5 a6 5. bxa6 Bxa6 6. Nc3 g6 7. e4 Bxf1 8.
Kxf1 d6 9. Nge2 Nbd7 10. Qc2 Bg7 11. h4 Qa5 12. Rh3 O-O 13. Rb1 Rfb8 14. b3 Rb4
15. a3 Rb7 16. Nd1 Rab8 17. Nec3 Ne5 18. Na2 Qa6+ 19. Kg1 Rb6 20. Bb2 Nfd7 21.
h5 Qb7 22. b4 cxb4 23. axb4 Rc8 24. Rc3 Rxc3 25. Bxc3 Qa6 26. hxg6 hxg6 27. Ne3
Nc4 28. Nxc4 Qxc4 29. Rb2 Bxc3 30. Nxc3 Rxb4 31. Rxb4 Qxb4 32. Qd3 Ne5 33. Qe3
Qb2 34. f3 Qc2 35. Kh2 Nc4 36. Qd4 Nd2 37. Kh3 Qc1 38. Ne2 Qh1+ 0-1

[Event "L C.to Italiano"]
[Site "Chianciano Terme ITA"]
[Date "1990.05.19"]
[Round "13"]
[White "Vezzosi, Paolo"]
[Black "Borgo, Giulio"]
[WhiteElo "2290"]
[BlackElo "2330"]
[Result "1/2-1/2"]
[PlyCount "51"]
[EventDate "1990.05.07"]

1. d4 Nf6 2. c4 c5 3. d5 b5 4. cxb5 a6 5. e3 g6 6. Nc3 Bg7 7. a4 O-O 8. Bc4 d6
9. Nge2 Nbd7 10. bxa6 Bxa6 11. Bxa6 Rxa6 12. O-O Qa8 13. e4 Rb8 14. Qc2 Rb4 15.
Rb1 Nb6 16. b3 c4 17. Be3 cxb3 18. Rxb3 Rxb3 19. Qxb3 Nxa4 20. Rb1 Nd7 21. Nxa4
Rxa4 22. Qb5 Ra1 23. f3 Rxb1+ 24. Qxb1 Qa1 25. Qxa1 Bxa1 26. Kf2 1/2-1/2